00634nam a2200181 i 450000100060000000300090000600500170001500700030003200800410003510000140007624501880009026000430027830000350032170000280035670000250038485200210040985200220043087686ES-MaACL20230906175724.0t|041223s1931 sp ||||1| spa d1 aKroll, M.14aLos síndromes neuropatológicos b: diagnóstico diferencial de las enfermedades nerviosas / cpor M. Kroll ; traducción directa de M. Montaner de la Poza y M. Montaner Toutain. aBarcelona : bModesto Usón, c[1931] aXVI, 664 p. : bil. ; c25 cm.1 aMontaner de la Poza, M.1 aMontaner Toutain, M. aES-MaACLjE-1084 aES-MaACLjB-11542